The realm of criminal law / (Record no. 1551)

MARC details
000 -LEADER
fixed length control field 01474cam a2200361 i 4500
001 - CONTROL NUMBER
control field data
005 - DATE AND TIME OF LATEST TRANSACTION
control field 20260322212106.0
008 - FIXED-LENGTH DATA ELEMENTS--GENERAL INFORMATION
fixed length control field data
035 ## - SYSTEM CONTROL NUMBER
System control number 20378954
010 ## - LIBRARY OF CONGRESS CONTROL NUMBER
LC control number 2018936196
020 ## - INTERNATIONAL STANDARD BOOK NUMBER
International Standard Book Number 0199570191
020 ## - INTERNATIONAL STANDARD BOOK NUMBER
International Standard Book Number 9780199570195
035 ## - SYSTEM CONTROL NUMBER
System control number (OCoLC)1020586827
040 ## - CATALOGING SOURCE
Original cataloging agency YDX
Language of cataloging eng
Transcribing agency YDX
Description conventions rda
Modifying agency DLC
-- JHE
-- DLC
042 ## - AUTHENTICATION CODE
Authentication code lccopycat
050 00 - LIBRARY OF CONGRESS CALL NUMBER
Classification number K5015.4
Item number .D84 2018
082 04 - DEWEY DECIMAL CLASSIFICATION NUMBER
Classification number 300
100 1# - MAIN ENTRY--PERSONAL NAME
Personal name Duff, Antony,
Relator term author.
245 14 - TITLE STATEMENT
Title The realm of criminal law /
Statement of responsibility, etc. R A Duff.
250 ## - EDITION STATEMENT
Edition statement First edition.
264 #1 - PRODUCTION, PUBLICATION, DISTRIBUTION, MANUFACTURE, AND COPYRIGHT NOTICE
Place of production, publication, distribution, manufacture Oxford, United Kingdom :
Name of producer, publisher, distributor, manufacturer Oxford University Press,
Date of production, publication, distribution, manufacture, or copyright notice 2018.
300 ## - PHYSICAL DESCRIPTION
Extent viii, 373 pages ;
Dimensions 24 cm
336 ## - CONTENT TYPE
Content type term text
Content type code txt
Source rdacontent
337 ## - MEDIA TYPE
Media type term unmediated
Media type code n
Source rdamedia
338 ## - CARRIER TYPE
Carrier type term volume
Carrier type code nc
Source rdacarrier
504 ## - BIBLIOGRAPHY, ETC. NOTE
Bibliography, etc. note Includes bibliographical references (pages 335-354) and index.
520 8# - SUMMARY, ETC.
Summary, etc. We are said to face a crisis of over-criminalization: our criminal law has become chaotic, unprincipled, and over-expansive. This book proposes a theory of criminal law, as an institution that can play an important but limited role in the civil order of a political community: it shows how criminal law could be ordered, principled, and restrained.
650 #0 - SUBJECT ADDED ENTRY--TOPICAL TERM
Topical term or geographic name entry element Criminal law.
650 #7 - SUBJECT ADDED ENTRY--TOPICAL TERM
Topical term or geographic name entry element Criminal law.
Source of heading or term fast
Authority record control number or standard number (OCoLC)fst00883328
906 ## - LOCAL DATA ELEMENT F, LDF (RLIN)
a 7
b cbc
c copycat
d 2
e epcn
f 20
g y-gencatlg
925 0# -
-- acquire
-- 1 shelf copy
-- policy default
Holdings
Withdrawn status Lost status Damaged status Not for loan Home library Current library Shelving location Date acquired Total checkouts Full call number Barcode Date last seen Price effective from Koha item type
        Liberty Liberty General stacks 22/03/2026   300 LOC-LPL-00014 22/03/2026 22/03/2026 Books